The brothers Karamazov

Zapisane w:
Opis bibliograficzny
1. autor: Dostoievski, Fedor (Autor)
Format: Książka
Język:angielski
Wydane: Chicago Enciclopaedia Britannica 1952
Seria:Great Books of the Western World, 52
Hasła przedmiotowe:
Etykiety: Dodaj etykietę
Nie ma etykietki, Dołącz pierwszą etykiete!

MARC

LEADER 00000nam a2200000 a 4500
001 UCM8144
003 CL-VaPUC
008 030124e19520000US |||||||||||||||||eng|d
082 0 4 |a 891.73  |b DOS  |2 21 
100 |a Dostoievski, Fedor  |e author  |9 267773 
245 1 4 |a The brothers Karamazov 
300 |a 412 p 
942 |c BK 
945 |d 20030124 00:00:00  |a cmena 
260 |a Chicago  |b Enciclopaedia Britannica  |c 1952 
650 0 |a Novelas rusas   |9 316330 
650 0 |a Literatura rusa  |9 318370 
583 |a last modification  |c 20120816 02:51:17  |k Rodrigo Vera 
490 0 |a Great Books of the Western World, 52 
999 |c 302725  |d 302723 
952 |0 0  |1 0  |4 0  |6 891_730000000000000_DOS_1952  |7 0  |8 A  |9 363440  |a BIBEDU  |b BIBEDU  |d 2019-11-21  |i 3878791  |o 891.73 DOS 1952  |p 3878791  |r 2019-11-21  |w 2019-11-21  |y BK  |k LIT